| 000 | 00704 a2200205 4500 | ||
|---|---|---|---|
| 010 | _aENG-85759 | ||
| 020 |
_c350.00 _a8178241692 |
||
| 035 | _aEN-69292 | ||
| 037 | _bD.B.Act / Pub | ||
| 082 | 1 | 4 | _a331.09 |
| 090 |
_c3470 _d3470 |
||
| 100 | 1 | _aJoshi, Chitra | |
| 245 | 1 |
_aLost worlds _cby Chitra Joshi _bIndian labour and its forgotten histories |
|
| 260 |
_aDelhi _bPermanent Black _c2006 |
||
| 270 |
_aD-28, Oxford Apartmeants, 11, I.P.Extension _bDelhi _e110 092 |
||
| 300 |
_axiv, 359 p. _c22 cm ( Pbk.) |
||
| 500 | _aIncludes bibliograpgical refrences and index | ||
| 942 |
_adpl _cEN _k331.09 / JOS |
||
| 999 |
_c3403 _d3403 |
||